00258 a2200097 450000100060000004000220000624000570002824500520008536200090013765000140014664935 cAnchieta - Pituba10a3ª Avaliação multidisciplinar, 3ª sérielpor10a3ª Avaliação multidisciplinar, 3ª série0 a2018 4aLinguagem